All Clash Royale Cards by Rarity - Statistics

General Stats
  • This quiz has been taken 9,185 times
  • The average score is 71 of 115
Answer Stats
Rarity Card Name % Correct
common goblins
88%
common skeletons
88%
rare giant
86%
common knight
84%
common ice spirit
83%
epic prince
83%
common archers
82%
legendary mega knight
82%
epic pekka
81%
common fire spirit
80%
legendary the log
80%
champion archer queen
79%
common arrows
79%
common cannon
79%
rare fireball
79%
champion golden knight
79%
rare mini pekka
79%
common zap
79%
legendary electro wizard
78%
epic witch
77%
rare hog rider
76%
legendary ice wizard
76%
champion skeleton king
76%
rare wizard
76%
epic skeleton army
75%
common tesla
75%
common electro spirit
74%
rare heal spirit
74%
common spear goblins
74%
common barbarians
72%
epic goblin barrel
72%
legendary inferno dragon
72%
common goblin gang
71%
epic golem
71%
rare inferno tower
71%
epic baby dragon
70%
epic dark prince
70%
legendary miner
70%
epic goblin giant
69%
champion little prince
69%
legendary night witch
69%
legendary princess
69%
rare goblin hut
68%
champion mighty miner
68%
champion monk
68%
rare rocket
68%
legendary bandit
67%
common royal giant
67%
common minions
66%
epic balloon
65%
epic electro dragon
65%
legendary lumberjack
65%
rare musketeer
65%
rare barbarian hut
64%
legendary mother witch
64%
epic lightning
63%
epic rage
63%
rare valkyrie
63%
legendary sparky
62%
epic electro giant
61%
common firecracker
61%
common skeleton barrel
61%
epic freeze
60%
epic goblin curse
60%
legendary graveyard
60%
rare ice golem
60%
legendary lava hound
59%
epic x-bow
59%
common bomber
58%
rare bomb tower
58%
rare dart goblin
58%
legendary ram rider
58%
epic barbarian barrel
57%
epic poison
57%
common bats
56%
common minion horde
56%
common royal recruits
56%
common elite barbarians
55%
rare elixir golem
55%
rare furnace
55%
epic giant skeleton
55%
legendary goblin machine
55%
rare royal hogs
54%
rare tombstone
53%
rare goblin cage
52%
common mortar
52%
rare three musketeers
52%
legendary magic archer
51%
common royal delivery
51%
epic mirror
50%
epic void
50%
epic clone
49%
legendary royal ghost
48%
common skeleton dragons
48%
epic bowler
47%
rare earthquake
47%
epic guards
47%
legendary fisherman
45%
epic tornado
45%
epic wall breakers
45%
rare battle ram
44%
rare battle healer
42%
common giant snowball
42%
epic goblin drill
42%
rare flying machine
40%
rare zappies
40%
epic executioner
39%
epic hunter
39%
rare mega minion
39%
rare elixir collector
37%
epic cannon cart
36%
legendary phoenix
36%
common rascals
33%
rare goblin demolisher
30%
rare suspicious bush
28%
No matching quizzes found
Score Distribution
Percent of People with Each Score
Percentile by Number Answered
Your Score History
You have not taken this quiz